[Event "NOR-chT east 0203"]
[Site "Norway"]
[Date "2003.02.08"]
[Round "6"]
[White "Agdestein, Pal"]
[Black "Lomo, Markus"]
[Result "1/2-1/2"]
[WhiteElo "1798"]
[BlackElo "1854"]
[PlyCount "35"]
[EventDate "2002.11.09"]
[EventType "team-swiss"]
[EventRounds "9"]
[EventCountry "NOR"]
[SourceTitle "EXT 2009"]
[Source "ChessBase"]
[SourceDate "2008.11.26"]
[SourceVersion "1"]
[SourceVersionDate "2008.11.26"]
[SourceQuality "1"]

1. d4 d5 2. c4 c6 3. Nc3 Nf6 4. Bg5 dxc4 5. e3 Qa5 6. Bxf6 exf6 7. Bxc4 b5 8. Bb3 Nd7 9. Nge2 Bb7 10. 0-0 c5 11. a3 Rd8 12. Ba2 a6 13. b4 Qc7 14. bxc5 Nxc5 15. Rc1 Qa5 16. Nf4 Qxa3 17. Qg4 Bc8 18. Qf3 1/2-1/2